Villes d'Europe commençant par D - Carte Quiz - Statistiques

Statistiques générales
  • Ce quiz a été pris 1 286 fois
  • Le résultat moyen est 13 sur 20
Réponses sur la Carte
Les réponses sont colorées sur une échelle allant du rouge au vert en fonction du pourcentage des utilisateurs qui les ont devinées à leur premier essai. Vous pouvez retrouver ces pourcentages ci-dessous.
 
Statistiques - réponses
Réponse % Correct
Dijon
95%
Dublin
93%
Dunkerque
93%
Deauville
91%
Dax
87%
Dortmund
78%
Dubrovnik
76%
Donetsk
72%
Derby
68%
Dresde
64%
Dnipro
63%
Düsseldorf
62%
Dundee
51%
Daugavpils
49%
Davos
48%
Derry
46%
Drammen
45%
Douglas
44%
Debrecen
37%
Dürres
34%
Aucun quiz correspondant
Distribution des résultats
% des personnes avec chaque résultat
Percentile par nombre de réponses
Votre historique - résultats
Vous n’avez pas pris ce quiz